The Cambridge companion to August Strindberg / (Record no. 27719)
[ view plain ]
| 000 -LEADER | |
|---|---|
| fixed length control field | 02774cam a22003855i 4500 |
| 001 - CONTROL NUMBER | |
| control field | 15677696 |
| 003 - CONTROL NUMBER IDENTIFIER | |
| control field | EG-ScBUE |
| 005 - DATE AND TIME OF LATEST TRANSACTION | |
| control field | 20191030111448.0 |
| 008 - FIXED-LENGTH DATA ELEMENTS--GENERAL INFORMATION | |
| fixed length control field | 090327s2009 enka f b 001 0 eng d |
| 020 ## - INTERNATIONAL STANDARD BOOK NUMBER | |
| International Standard Book Number | 9780521608527 (pbk.) |
| 020 ## - INTERNATIONAL STANDARD BOOK NUMBER | |
| International Standard Book Number | 052160852X (pbk.) |
| 035 ## - SYSTEM CONTROL NUMBER | |
| System control number | (OCoLC)ocn317383442 |
| 040 ## - CATALOGING SOURCE | |
| Original cataloging agency | DLC |
| Language of cataloging | eng |
| Description conventions | rda |
| Transcribing agency | DLC |
| Modifying agency | YDXCP |
| -- | BTCTA |
| -- | UKM |
| -- | BWKUK |
| -- | BWK |
| -- | UPP |
| -- | SINLB |
| -- | DLC |
| -- | EG-ScBUE |
| 082 04 - DEWEY DECIMAL CLASSIFICATION NUMBER | |
| Classification number | 839.726 |
| Item number | CAM |
| Edition number | 22 |
| 245 04 - TITLE STATEMENT | |
| Title | The Cambridge companion to August Strindberg / |
| Statement of responsibility, etc | edited by Michael Robinson, Emeritus Professor of Drama and Scandinavian studies University of East Anglia, Norwich. |
| 246 30 - VARYING FORM OF TITLE | |
| Title proper/short title | Companion to August Strindberg |
| 246 30 - VARYING FORM OF TITLE | |
| Title proper/short title | August Strindberg |
| 264 #1 - PUBLICATION, DISTRIBUTION, ETC. (IMPRINT) | |
| Place of publication, distribution, etc | Cambridge, U.K. ; |
| -- | New York : |
| Name of publisher, distributor, etc | Cambridge University Press, |
| Date of publication, distribution, etc | 2009. |
| 300 ## - PHYSICAL DESCRIPTION | |
| Extent | xxxvi, 187 pages : |
| Other physical details | illustrations ; |
| Dimensions | 24 cm. |
| 336 ## - CONTENT TYPE | |
| Content type term | text |
| Content type code | txt |
| Source | rdacontent |
| 337 ## - MEDIA TYPE | |
| Media type term | unmediated |
| Media type code | n |
| Source | rdamedia |
| 338 ## - CARRIER TYPE | |
| Carrier type term | volume |
| Carrier type code | nc |
| Source | rdacarrier |
| 490 0# - SERIES STATEMENT | |
| Series statement | Cambridge companions to authors |
| 504 ## - BIBLIOGRAPHY, ETC. NOTE | |
| Bibliography, etc | Includes bibliographical references and index. |
| 505 0# - FORMATTED CONTENTS NOTE | |
| Formatted contents note | August Strindberg : the art and science of self-dramatization / Linda Haverty Rugg -- Strindberg and the woman question / Margaretha Fahlgren -- Learning to speak : Strindberg and the novel / Ulf Olsson -- Between realism and modernism : the modernity of Strindberg's autobiographical writings / Per Stounbjerg -- Miss Julie, naturalism, 'The battle of the brains,' and sexual desire / Ross Shideler -- Strindberg and comedy / Hans-Goran Ekman -- Crisis and change : Strindberg the unconscious modernist / Goran Stockenstrom -- A modernist dramaturgy / Eszter Szalczer -- The chamber plays / Lynn R. Wilkinson -- The history plays / Matthew H. Wikander -- Strindberg in the theatre / Frederick J. Marker and Lise-Lone Marker -- Bergman's Strindberg / Egil Tornqvist -- Strindberg and modern drama : some lines of influence / Freddie Rokem. |
| 520 ## - SUMMARY, ETC. | |
| Summary, etc | August Strindberg is one of the most enduring of 19th century dramatists, & also an internationally recognised novelist, autobiographer & painter. This text presents contributions on different aspects of Strindberg's highly colourful life and work, focusing primarily on his most celebrated plays. |
| 600 17 - SUBJECT ADDED ENTRY--PERSONAL NAME | |
| Personal name | Strindberg, August, |
| Dates associated with a name | 1849-1912 |
| General subdivision | Criticism and interpretation. |
| Source of heading or term | BUEsh |
| 653 ## - INDEX TERM--UNCONTROLLED | |
| Resource For college | Humanities: English |
| Arrived date list | October2019 |
| 655 ## - INDEX TERM--GENRE/FORM | |
| Form subdivision | Reading book |
| 700 1# - ADDED ENTRY--PERSONAL NAME | |
| Personal name | Robinson, Michael, |
| Dates associated with a name | 1944 July 13- |
| Relator term | editor. |
| 856 42 - ELECTRONIC LOCATION AND ACCESS | |
| Materials specified | Contributor biographical information |
| Uniform Resource Identifier | <a href="http://www.loc.gov/catdir/enhancements/fy0912/2009011368-b.html">http://www.loc.gov/catdir/enhancements/fy0912/2009011368-b.html</a> |
| 856 42 - ELECTRONIC LOCATION AND ACCESS | |
| Materials specified | Publisher description |
| Uniform Resource Identifier | <a href="http://www.loc.gov/catdir/enhancements/fy0912/2009011368-d.html">http://www.loc.gov/catdir/enhancements/fy0912/2009011368-d.html</a> |
| 856 41 - ELECTRONIC LOCATION AND ACCESS | |
| Materials specified | Table of contents only |
| Uniform Resource Identifier | <a href="http://www.loc.gov/catdir/enhancements/fy0912/2009011368-t.html">http://www.loc.gov/catdir/enhancements/fy0912/2009011368-t.html</a> |
| 942 ## - ADDED ENTRY ELEMENTS (KOHA) | |
| Source of classification or shelving scheme | Dewey Decimal Classification |
| Koha item type | Book - Borrowing |
| Withdrawn status | Lost status | Source of classification or shelving scheme | Damaged status | Not for loan | Collection code | Home library | Current library | Shelving location | Date acquired | Source of acquisition | Cost, normal purchase price | Total Checkouts | Full call number | Barcode | Date last seen | Cost, replacement price | Price effective from | Koha item type |
|---|---|---|---|---|---|---|---|---|---|---|---|---|---|---|---|---|---|---|
| Dewey Decimal Classification | Baccah | Central Library | Central Library | Second Floor | 30/10/2019 | Purchase | 550.00 | 839.726 CAM | 000048180 | 15/07/2025 | 687.50 | 30/10/2019 | Book - Borrowing |